[Event "South African op"]
[Site "Cape Town"]
[Date "2022.07.12"]
[Round "6"]
[White "Sparks, Stephen"]
[Black "Mumba Elijah"]
[Result "0-1"]
[WhiteElo "1174"]
[BlackElo "1859"]
[PlyCount "130"]
[EventDate "2022.07.09"]
[EventType "swiss"]
[EventRounds "11"]
[EventCountry "RSA"]
[SourceTitle "CBM 209 Extra"]
[Source "ChessBase"]
[SourceDate "2022.09.30"]
[SourceVersion "1"]
[SourceVersionDate "2022.09.30"]
[SourceQuality "1"]

1. e4 d5 2. exd5 Qxd5 3. Nf3 Nf6 4. d4 e6 5. Be2 c6 6. 0-0 Qd8 7. Bf4 Bd6 8. Bxd6 Qxd6 9. c4 Nbd7 10. Nc3 0-0 11. Qc2 Qf4 12. Rad1 b6 13. Qd2 Qxd2 14. Nxd2 Bb7 15. Nde4 Rab8 16. Nd6 Ba8 17. Bf3 Rfd8 18. Rfe1 Nf8 19. Nce4 Nxe4 20. Nxe4 g6 21. b3 Kg7 22. c5 b5 23. b4 Nd7 24. Nd6 Nf6 25. h4 Ne8 26. Ne4 Rd7 27. Rd2 Rbd8 28. Red1 Bb7 29. Nc3 Nf6 30. Nxb5 cxb5 31. c6 Bxc6 32. Bxc6 Rd6 33. Bxb5 Rb8 34. Ba4 Rxb4 35. Bb3 Nd5 36. Bxd5 Rxd5 37. g3 Ra4 38. Kf1 Rda5 39. Ra1 h6 40. Ke2 Ra3 41. Rc2 R5a4 42. Rd2 g5 43. hxg5 hxg5 44. d5 exd5 45. Rxd5 Rxa2+ 46. Rxa2 Rxa2+ 47. Ke1 f6 48. Rd8 g4 49. Rd7+ Kg6 50. Rd8 a5 51. Ra8 a4 52. Ra5 Kf7 53. Ra7+ Ke6 54. Ra6+ Ke5 55. Ra7 Ke4 56. Ra6 f5 57. Ra7 Kf3 58. Rf7 Ra1+ 59. Kd2 Kxf2 60. Rxf5+ Kxg3 61. Ke2 a3 62. Ra5 a2 63. Ra3+ Kh4 64. Ra7 Rg1 65. Rh7+ Kg3 0-1

[Event "South African op"]
[Site "Cape Town"]
[Date "2022.07.11"]
[Round "5"]
[White "Baloyi, Xikombi"]
[Black "Sparks, Stephen"]
[Result "1-0"]
[WhiteElo "1890"]
[BlackElo "1174"]
[PlyCount "61"]
[EventDate "2022.07.09"]
[EventType "swiss"]
[EventRounds "11"]
[EventCountry "RSA"]
[SourceTitle "CBM 209 Extra"]
[Source "ChessBase"]
[SourceDate "2022.09.30"]
[SourceVersion "1"]
[SourceVersionDate "2022.09.30"]
[SourceQuality "1"]

1. c4 Nf6 2. g3 e6 3. Bg2 d5 4. d4 Be7 5. Nf3 0-0 6. Nc3 a6 7. 0-0 dxc4 8. Ne5 Nc6 9. Nxc6 bxc6 10. Bxc6 Rb8 11. Bf3 Bb7 12. e4 Qd7 13. Be3 Rbc8 14. Qc2 Rfd8 15. Rfd1 Qe8 16. a3 c5 17. d5 exd5 18. exd5 Bd6 19. Qe2 Nd7 20. Bg4 Ne5 21. Bxc8 Bxc8 22. f3 f5 23. Bg5 Qh5 24. Bxd8 Nxf3+ 25. Kh1 Bxg3 26. Rf1 f4 27. Rxf3 Bg4 28. Raf1 Bxf3+ 29. Rxf3 Bxh2 30. Kg2 Bg3 31. Rxg3 1-0